[Event "DVM U20w 2018"]
[Site "Osnabrück GER"]
[Date "2018.12.28"]
[Round "4"]
[White "Hartmann, Cora"]
[Black "Ley, Sabrina"]
[Result "0-1"]
[Termination "normal"]
[Board "1.2"]
[WhiteElo "1830"]
[BlackElo "1829"]
[WhiteClock "00:05:10"]
[BlackClock "00:07:38"]
[WhiteTeam "SC Borussia Lichtenberg"]
[BlackTeam "SV Stuttgart-Wolfbusch"]
[PlyCount "74"]
[WhiteFideId "16200764"]
[BlackFideId "12938130"]
[EventCountry "GER"]
[EventRounds "7"]
[EventType "team-swiss"]
[EventDate "2018.12.26"]

1. e4 {[%clk 1:30:58]} c5 {[%clk 1:30:56]} 2. Nf3 {[%clk 1:31:22]} e6 {[%clk
1:31:22]} 3. d3 {[%clk 1:31:41]} Nc6 {[%clk 1:31:47]} 4. g3 {[%clk 1:32:03]} d5
{[%clk 1:32:05]} 5. Nbd2 {[%clk 1:32:26]} Nf6 {[%clk 1:32:27]} 6. Bg2 {[%clk
1:32:47]} Be7 {[%clk 1:32:49]} 7. O-O {[%clk 1:33:05]} Qc7 {[%clk 1:33:16]} 8.
Re1 {[%clk 1:32:53]} b6 {[%clk 1:33:48]} 9. Nf1 {[%clk 1:27:38]} Bb7 {[%clk
1:34:05]} 10. c3 {[%clk 1:24:18]} O-O-O {[%clk 1:33:47]} 11. e5 {[%clk
1:22:58]} Nd7 {[%clk 1:33:23]} 12. d4 {[%clk 1:21:36]} h6 13. a3 {[%clk
1:10:40]} c4 {[%clk 1:30:10]} 14. b3 cxb3 {[%clk 1:26:13]} 15. Qxb3 {[%clk
1:10:39]} Na5 {[%clk 1:23:23]} 16. Qc2 g5 {[%clk 1:10:57]} 17. N3d2 {[%clk
1:05:59]} Kb8 18. Nb3 {[%clk 1:04:31]} Nc4 {[%clk 1:09:36]} 19. a4 {[%clk
0:47:05]} a6 20. Bb2 {[%clk 0:40:15]} h5 {[%clk 0:48:05]} 21. h3 {[%clk
0:36:49]} Nf8 {[%clk 0:41:37]} 22. Nbd2 Ng6 {[%clk 0:30:38]} 23. Ne3 {[%clk
0:34:05]} h4 24. Ndxc4 {[%clk 0:27:38]} dxc4 {[%clk 0:29:48]} 25. Bxb7 {[%clk
0:25:56]} Qxb7 {[%clk 0:28:38]} 26. Kh2 {[%clk 0:19:07]} hxg3+ 27. fxg3 Rh7
{[%clk 0:24:25]} 28. Qg2 {[%clk 0:16:26]} Rdh8 {[%clk 0:23:10]} 29. Nxc4 {[%clk
0:11:18]} Rxh3+ {[%clk 0:17:03]} 30. Qxh3 {[%clk 0:11:46]} Rxh3+ {[%clk
0:17:27]} 31. Kxh3 {[%clk 0:12:14]} Qf3 {[%clk 0:17:23]} 32. Kh2 {[%clk
0:10:16]} g4 {[%clk 0:14:34]} 33. Re3 {[%clk 0:09:21]} Qf2+ {[%clk 0:14:35]}
34. Kh1 {[%clk 0:09:49]} b5 {[%clk 0:13:17]} 35. axb5 {[%clk 0:09:27]} axb5
{[%clk 0:12:51]} 36. Rae1 {[%clk 0:04:55]} bxc4 {[%clk 0:10:27]} 37. Bc1 {[%clk
0:05:10]} Bg5 {[%clk 0:07:38]} 0-1

[Event "DVM U20w 2018"]
[Site "Osnabrück GER"]
[Date "2018.12.28"]
[Round "4"]
[White "Kobald, Jacqueline"]
[Black "Wagner, Swenja"]
[Result "1/2-1/2"]
[Termination "normal"]
[Board "1.3"]
[WhiteElo "1797"]
[BlackElo "1749"]
[WhiteClock "00:05:04"]
[BlackClock "00:09:26"]
[WhiteTeam "SV Stuttgart-Wolfbusch"]
[BlackTeam "SC Borussia Lichtenberg"]
[PlyCount "74"]
[WhiteFideId "12988162"]
[BlackFideId "12900494"]
[EventCountry "GER"]
[EventRounds "7"]
[EventType "team-swiss"]
[EventDate "2018.12.26"]

1. e4 {[%clk 1:30:56]} e5 {[%clk 1:30:53]} 2. Nf3 {[%clk 1:31:22]} Nc6 {[%clk
1:31:19]} 3. Bb5 {[%clk 1:31:47]} a6 {[%clk 1:31:45]} 4. Ba4 {[%clk 1:32:13]}
b5 {[%clk 1:32:12]} 5. Bb3 {[%clk 1:32:37]} Nf6 {[%clk 1:32:39]} 6. Qe2 {[%clk
1:30:47]} Bc5 {[%clk 1:29:28]} 7. a4 {[%clk 1:29:33]} Bb7 {[%clk 1:06:42]} 8.
d3 {[%clk 1:22:38]} d6 {[%clk 1:03:52]} 9. O-O {[%clk 1:20:08]} Ne7 {[%clk
1:02:10]} 10. Be3 {[%clk 1:13:33]} Bxe3 {[%clk 0:59:20]} 11. fxe3 {[%clk
1:13:55]} c5 {[%clk 0:57:58]} 12. axb5 {[%clk 1:08:40]} axb5 {[%clk 0:57:14]}
13. Nc3 {[%clk 1:05:36]} Qb6 {[%clk 0:53:46]} 14. Rxa8+ {[%clk 0:47:57]} Bxa8
{[%clk 0:53:42]} 15. Ra1 {[%clk 0:48:04]} Bb7 {[%clk 0:53:34]} 16. Nxb5 {[%clk
0:47:32]} O-O {[%clk 0:47:00]} 17. Na3 {[%clk 0:36:22]} Ba6 {[%clk 0:34:37]}
18. Nd2 {[%clk 0:33:15]} d5 {[%clk 0:25:27]} 19. exd5 {[%clk 0:27:49]} Nexd5
{[%clk 0:24:24]} 20. Nac4 {[%clk 0:25:24]} Bxc4 {[%clk 0:24:40]} 21. Nxc4
{[%clk 0:25:37]} Qc7 {[%clk 0:24:28]} 22. Qf3 {[%clk 0:15:19]} Re8 {[%clk
0:21:38]} 23. Qf5 {[%clk 0:14:23]} h6 {[%clk 0:20:28]} 24. e4 {[%clk 0:11:08]}
Nb4 {[%clk 0:18:12]} 25. Ra5 {[%clk 0:09:04]} Nc6 {[%clk 0:15:37]} 26. Ra3
{[%clk 0:07:41]} Qd8 {[%clk 0:14:35]} 27. h3 {[%clk 0:06:04]} Nd4 {[%clk
0:13:36]} 28. Qf2 {[%clk 0:06:17]} Qb8 {[%clk 0:12:52]} 29. Ba4 {[%clk
0:06:08]} Rd8 {[%clk 0:12:09]} 30. c3 {[%clk 0:05:15]} Ne6 {[%clk 0:12:35]} 31.
Bc2 {[%clk 0:05:27]} Nh5 {[%clk 0:10:37]} 32. Qf5 {[%clk 0:05:10]} Nhf4 {[%clk
0:08:42]} 33. Qxe5 {[%clk 0:04:54]} Qb7 {[%clk 0:08:49]} 34. Rb3 {[%clk
0:04:03]} Qa7 {[%clk 0:08:33]} 35. Ra3 {[%clk 0:04:19]} Qb7 {[%clk 0:08:59]}
36. Rb3 {[%clk 0:04:41]} Qa7 {[%clk 0:09:26]} 37. Ra3 {[%clk 0:05:04]} Qb7
1/2-1/2

[Event "DVM U20w 2018"]
[Site "Osnabrück GER"]
[Date "2018.12.28"]
[Round "4"]
[White "Fricke, Edna Marlene"]
[Black "Liu, Sijia Anna"]
[Result "0-1"]
[Termination "normal"]
[Board "1.4"]
[WhiteElo "1390"]
[BlackElo "1607"]
[WhiteClock "00:12:04"]
[BlackClock "00:33:09"]
[WhiteTeam "SC Borussia Lichtenberg"]
[BlackTeam "SV Stuttgart-Wolfbusch"]
[PlyCount "108"]
[WhiteFideId "12988839"]
[BlackFideId "12989746"]
[EventCountry "GER"]
[EventRounds "7"]
[EventType "team-swiss"]
[EventDate "2018.12.26"]

1. e4 {[%clk 1:30:57]} c5 {[%clk 1:30:51]} 2. Nc3 {[%clk 1:31:09]} Nc6 {[%clk
1:31:10]} 3. g3 {[%clk 1:31:27]} g6 {[%clk 1:31:27]} 4. Bg2 {[%clk 1:31:47]}
Bg7 {[%clk 1:31:36]} 5. d3 {[%clk 1:31:58]} e6 {[%clk 1:31:34]} 6. f4 {[%clk
1:31:54]} Nge7 {[%clk 1:31:28]} 7. Nf3 {[%clk 1:31:43]} O-O {[%clk 1:30:51]} 8.
Be3 {[%clk 1:29:59]} Nd4 {[%clk 1:28:54]} 9. Qd2 {[%clk 1:29:22]} d6 {[%clk
1:26:14]} 10. O-O {[%clk 1:27:02]} Rb8 {[%clk 1:23:40]} 11. Nd1 {[%clk
1:27:00]} Nxf3+ {[%clk 1:22:17]} 12. Rxf3 {[%clk 1:26:51]} b6 {[%clk 1:20:53]}
13. d4 {[%clk 1:14:52]} Bb7 {[%clk 1:18:23]} 14. Rf1 {[%clk 1:10:52]} Qc7
{[%clk 1:11:46]} 15. c3 {[%clk 1:02:17]} Rbd8 {[%clk 1:04:45]} 16. g4 {[%clk
0:56:43]} f5 {[%clk 1:04:21]} 17. Nf2 {[%clk 0:32:32]} e5 {[%clk 0:59:28]} 18.
d5 {[%clk 0:26:28]} c4 {[%clk 0:50:30]} 19. b3 {[%clk 0:23:38]} Rc8 {[%clk
0:46:03]} 20. b4 {[%clk 0:20:04]} Qb8 {[%clk 0:42:12]} 21. Rad1 {[%clk
0:18:54]} b5 {[%clk 0:41:11]} 22. fxe5 {[%clk 0:18:02]} Bxe5 {[%clk 0:38:43]}
23. Bd4 {[%clk 0:16:32]} fxe4 {[%clk 0:36:16]} 24. Bxe5 {[%clk 0:15:10]} dxe5
{[%clk 0:35:09]} 25. Bxe4 {[%clk 0:10:47]} Rcd8 {[%clk 0:33:48]} 26. d6 {[%clk
0:08:58]} Nc8 {[%clk 0:32:59]} 27. Bxb7 {[%clk 0:05:24]} Qxb7 {[%clk 0:31:30]}
28. Qd5+ {[%clk 0:05:28]} Qxd5 {[%clk 0:30:40]} 29. Rxd5 {[%clk 0:05:52]} Nxd6
{[%clk 0:30:46]} 30. Rfd1 {[%clk 0:05:31]} Nf7 {[%clk 0:28:48]} 31. Rxb5 {[%clk
0:04:19]} Rxd1+ {[%clk 0:27:11]} 32. Nxd1 {[%clk 0:04:42]} e4 {[%clk 0:27:16]}
33. Ne3 {[%clk 0:04:38]} Nd6 {[%clk 0:26:52]} 34. Re5 {[%clk 0:04:46]} Rf3
{[%clk 0:26:42]} 35. Nd5 {[%clk 0:04:22]} Kf8 {[%clk 0:20:28]} 36. Re6 {[%clk
0:03:16]} Nb5 {[%clk 0:19:37]} 37. Rxe4 {[%clk 0:02:26]} Rd3 {[%clk 0:18:18]}
38. Rxc4 {[%clk 0:00:59]} Rxd5 {[%clk 0:17:23]} 39. Rf4+ {[%clk 0:00:46]} Ke7
{[%clk 0:17:07]} 40. c4 {[%clk 0:00:57]} Rd1+ {[%clk 0:16:29]} 41. Rf1 {[%clk
0:00:31]} Rxf1+ {[%clk 0:16:07]} 42. Kxf1 {[%clk 0:00:56]} Nc7 {[%clk 0:15:41]}
43. Ke2 {[%clk 0:00:55]} Kd6 {[%clk 0:15:05]} 44. Kd3 {[%clk 0:27:43]} Ke5
{[%clk 0:45:31]} 45. Ke3 {[%clk 0:27:53]} g5 {[%clk 0:44:53]} 46. a3 {[%clk
0:27:38]} Ne6 {[%clk 0:42:33]} 47. h3 {[%clk 0:25:37]} Nc7 {[%clk 0:42:06]} 48.
c5 {[%clk 0:24:05]} Kd5 {[%clk 0:41:05]} 49. Kd3 {[%clk 0:24:20]} Nb5 {[%clk
0:39:05]} 50. a4 {[%clk 0:24:05]} Nc7 {[%clk 0:39:05]} 51. Kc3 {[%clk 0:18:15]}
Ne6 {[%clk 0:38:11]} 52. a5 {[%clk 0:17:42]} Nf4 {[%clk 0:35:39]} 53. Kb3
{[%clk 0:17:51]} a6 {[%clk 0:33:54]} 54. Kc3 {[%clk 0:12:04]} Nxh3 {[%clk
0:33:09]} 0-1

[Event "DVM U20w 2018"]
[Site "Osnabrück GER"]
[Date "2018.12.28"]
[Round "4"]
[White "Bashylina, Luisa"]
[Black "Klenk, Sofie"]
[Result "1/2-1/2"]
[Termination "normal"]
[Board "2.1"]
[WhiteTitle "WCM"]
[WhiteElo "1846"]
[BlackElo "1810"]
[WhiteClock "00:48:03"]
[BlackClock "00:27:20"]
[WhiteTeam "SG Solingen"]
[BlackTeam "SC Bavaria Regensburg"]
[PlyCount "51"]
[WhiteFideId "12983292"]
[BlackFideId "12996653"]
[EventCountry "GER"]
[EventRounds "7"]
[EventType "team-swiss"]
[EventDate "2018.12.26"]

1. e4 {[%clk 1:30:58]} c5 {[%clk 1:30:54]} 2. Nf3 {[%clk 1:31:24]} e6 {[%clk
1:31:19]} 3. d4 {[%clk 1:31:49]} cxd4 {[%clk 1:31:44]} 4. Nxd4 {[%clk 1:32:16]}
a6 {[%clk 1:32:07]} 5. Nc3 {[%clk 1:32:07]} Qc7 {[%clk 1:32:31]} 6. Bd3 {[%clk
1:32:29]} Nf6 {[%clk 1:32:50]} 7. O-O {[%clk 1:32:53]} d6 {[%clk 1:33:09]} 8.
Kh1 {[%clk 1:32:31]} Nbd7 {[%clk 1:33:18]} 9. f4 {[%clk 1:32:54]} Be7 {[%clk
1:33:37]} 10. Qe2 {[%clk 1:32:56]} b5 {[%clk 1:32:23]} 11. a3 {[%clk 1:32:44]}
Bb7 {[%clk 1:32:35]} 12. Bd2 g6 13. Rae1 {[%clk 1:25:50]} e5 {[%clk 1:19:32]}
14. Nb3 O-O 15. f5 {[%clk 1:21:48]} d5 {[%clk 1:05:46]} 16. exd5 {[%clk
1:18:25]} Nxd5 {[%clk 1:05:13]} 17. Nxd5 {[%clk 1:15:51]} Bxd5 {[%clk 1:05:39]}
18. Be4 Bxe4 {[%clk 0:55:42]} 19. Qxe4 {[%clk 1:14:23]} Bf6 {[%clk 0:47:00]}
20. Bb4 {[%clk 1:06:03]} Rfe8 {[%clk 0:35:55]} 21. Rd1 {[%clk 1:03:03]} Bg7
{[%clk 0:34:49]} 22. fxg6 hxg6 23. Ba5 {[%clk 0:49:10]} Nb6 {[%clk 0:29:32]}
24. Bxb6 {[%clk 0:47:41]} Qxb6 {[%clk 0:30:00]} 25. Rd7 {[%clk 0:48:03]} f5
{[%clk 0:27:20]} 26. Qd5+ 1/2-1/2

[Event "DVM U20w 2018"]
[Site "Osnabrück GER"]
[Date "2018.12.28"]
[Round "4"]
[White "Pavlov, Liliane"]
[Black "Müdder, Melanie"]
[Result "1/2-1/2"]
[Termination "normal"]
[Board "2.2"]
[WhiteElo "1715"]
[BlackElo "1863"]
[WhiteClock "00:07:53"]
[BlackClock "00:03:00"]
[WhiteTeam "SC Bavaria Regensburg"]
[BlackTeam "SG Solingen"]
[PlyCount "72"]
[WhiteFideId "16225449"]
[BlackFideId "12994103"]
[EventCountry "GER"]
[EventRounds "7"]
[EventType "team-swiss"]
[EventDate "2018.12.26"]

1. d4 {[%clk 1:30:57]} d5 {[%clk 1:30:52]} 2. Nc3 {[%clk 1:31:15]} Nf6 {[%clk
1:31:10]} 3. Bg5 {[%clk 1:31:19]} c5 {[%clk 1:31:01]} 4. e3 {[%clk 1:30:16]}
Nc6 {[%clk 1:31:11]} 5. Nf3 {[%clk 1:28:29]} Ne4 6. Nxe4 {[%clk 1:24:12]} dxe4
{[%clk 1:23:10]} 7. Nd2 {[%clk 1:24:19]} Qd5 {[%clk 1:08:02]} 8. Bh4 {[%clk
1:08:48]} cxd4 {[%clk 1:02:33]} 9. exd4 {[%clk 1:07:01]} Qxd4 {[%clk 0:57:26]}
10. c3 {[%clk 1:06:46]} Qe5 {[%clk 0:52:08]} 11. Bg3 {[%clk 1:04:51]} Qe6
{[%clk 0:51:05]} 12. Bc4 Qg6 {[%clk 0:47:02]} 13. Qe2 {[%clk 0:57:07]} Bf5
{[%clk 0:43:25]} 14. Bd5 {[%clk 0:55:53]} e6 {[%clk 0:38:00]} 15. Bxe4 {[%clk
0:51:22]} Be7 {[%clk 0:36:30]} 16. Qf3 {[%clk 0:45:06]} O-O {[%clk 0:31:59]}
17. O-O {[%clk 0:44:04]} Rad8 {[%clk 0:30:50]} 18. Bxf5 {[%clk 0:41:39]} exf5
{[%clk 0:30:33]} 19. Nb3 {[%clk 0:41:32]} Rd7 {[%clk 0:26:53]} 20. Rad1 {[%clk
0:40:57]} Rfd8 {[%clk 0:26:43]} 21. Rxd7 {[%clk 0:40:32]} Rxd7 {[%clk 0:24:44]}
22. Rd1 {[%clk 0:40:36]} Qe6 23. h3 {[%clk 0:38:10]} a5 {[%clk 0:19:39]} 24.
Rxd7 {[%clk 0:26:27]} Qxd7 {[%clk 0:19:57]} 25. Nd4 {[%clk 0:20:25]} Nxd4
{[%clk 0:17:39]} 26. cxd4 {[%clk 0:20:45]} g5 {[%clk 0:14:06]} 27. Be5 {[%clk
0:14:18]} f6 {[%clk 0:13:23]} 28. Qb3+ {[%clk 0:13:21]} Kg7 {[%clk 0:12:52]}
29. Bb8 {[%clk 0:12:34]} Qc8 {[%clk 0:07:43]} 30. Ba7 {[%clk 0:11:27]} Qc1+
{[%clk 0:05:53]} 31. Kh2 {[%clk 0:11:49]} Qf4+ 32. Kg1 {[%clk 0:10:48]} Qe4
{[%clk 0:03:03]} 33. d5 {[%clk 0:07:37]} Qe1+ {[%clk 0:02:30]} 34. Kh2 {[%clk
0:07:57]} Qe5+ {[%clk 0:02:40]} 35. Kg1 {[%clk 0:07:48]} Qe1+ {[%clk 0:02:36]}
36. Kh2 {[%clk 0:07:53]} Qe5+ {[%clk 0:03:00]} 1/2-1/2

[Event "DVM U20w 2018"]
[Site "Osnabrück GER"]
[Date "2018.12.28"]
[Round "4"]
[White "Browning, Rebecca"]
[Black "Oberhofer, Marie"]
[Result "1-0"]
[Termination "normal"]
[Board "2.3"]
[WhiteElo "1833"]
[BlackElo "1731"]
[WhiteClock "01:08:53"]
[BlackClock "00:13:28"]
[WhiteTeam "SG Solingen"]
[BlackTeam "SC Bavaria Regensburg"]
[PlyCount "43"]
[WhiteFideId "12984027"]
[BlackFideId "12938165"]
[EventCountry "GER"]
[EventRounds "7"]
[EventType "team-swiss"]
[EventDate "2018.12.26"]

1. e4 {[%clk 1:30:59]} c5 {[%clk 1:30:55]} 2. d4 {[%clk 1:31:26]} cxd4 {[%clk
1:31:19]} 3. c3 {[%clk 1:31:55]} g6 {[%clk 1:31:42]} 4. cxd4 {[%clk 1:31:24]}
d5 {[%clk 1:32:05]} 5. exd5 {[%clk 1:29:35]} Nf6 {[%clk 1:32:25]} 6. Nf3 {[%clk
1:29:13]} Bg7 {[%clk 1:30:29]} 7. Be2 {[%clk 1:28:47]} O-O {[%clk 1:29:28]} 8.
Nc3 {[%clk 1:27:46]} Nxd5 {[%clk 1:29:16]} 9. O-O {[%clk 1:27:37]} Nc6 {[%clk
1:23:27]} 10. Qb3 {[%clk 1:24:40]} Nxc3 {[%clk 1:10:00]} 11. bxc3 {[%clk
1:25:00]} Qc7 {[%clk 1:09:06]} 12. Ba3 {[%clk 1:22:50]} Re8 {[%clk 1:05:20]}
13. Ng5 {[%clk 1:22:24]} e6 {[%clk 1:02:21]} 14. f4 Na5 {[%clk 0:54:22]} 15.
Qb2 {[%clk 1:13:35]} Nc4 16. Qb5 {[%clk 1:12:31]} Nxa3 {[%clk 0:34:52]} 17.
Qxe8+ {[%clk 1:12:54]} Bf8 18. Nxh7 {[%clk 1:10:53]} Kxh7 {[%clk 0:35:19]} 19.
Qxf8 Qxc3 {[%clk 0:28:11]} 20. Qxf7+ {[%clk 1:11:14]} Kh8 {[%clk 0:24:17]} 21.
Kh1 e5 {[%clk 0:13:28]} 22. Rac1 {[%clk 1:08:53]} 1-0

[Event "DVM U20w 2018"]
[Site "Osnabrück GER"]
[Date "2018.12.28"]
[Round "4"]
[White "Wetzler, Sophia"]
[Black "Berelowitsch, Dana"]
[Result "0-1"]
[Termination "normal"]
[Board "2.4"]
[WhiteElo "1719"]
[BlackElo "1769"]
[WhiteClock "00:02:01"]
[BlackClock "00:01:41"]
[WhiteTeam "SC Bavaria Regensburg"]
[BlackTeam "SG Solingen"]
[PlyCount "82"]
[WhiteFideId "12951960"]
[BlackFideId "12977144"]
[EventCountry "GER"]
[EventRounds "7"]
[EventType "team-swiss"]
[EventDate "2018.12.26"]

1. e4 {[%clk 1:30:57]} c5 {[%clk 1:30:57]} 2. Nf3 {[%clk 1:31:15]} g6 {[%clk
1:31:22]} 3. d4 {[%clk 1:31:30]} cxd4 {[%clk 1:31:48]} 4. Nxd4 {[%clk 1:31:47]}
Bg7 {[%clk 1:32:14]} 5. Nc3 {[%clk 1:31:23]} Nc6 {[%clk 1:32:39]} 6. Be3 {[%clk
1:31:34]} Nf6 {[%clk 1:32:47]} 7. Nxc6 {[%clk 1:31:12]} bxc6 {[%clk 1:33:10]}
8. e5 {[%clk 1:31:09]} Nd5 {[%clk 1:33:16]} 9. Nxd5 {[%clk 1:30:33]} cxd5
{[%clk 1:33:43]} 10. f4 {[%clk 1:30:40]} O-O {[%clk 1:32:24]} 11. Be2 {[%clk
1:28:49]} Rb8 {[%clk 1:30:52]} 12. Rb1 {[%clk 1:26:20]} d6 {[%clk 1:28:03]} 13.
exd6 {[%clk 1:20:47]} Qxd6 {[%clk 1:26:54]} 14. O-O {[%clk 1:18:39]} Bf5 {[%clk
1:10:21]} 15. b3 {[%clk 1:13:14]} e5 {[%clk 1:03:35]} 16. Bxa7 {[%clk 1:07:34]}
Ra8 {[%clk 0:59:45]} 17. Be3 {[%clk 1:07:15]} Rxa2 {[%clk 0:52:34]} 18. Bd3
{[%clk 1:06:24]} e4 {[%clk 0:44:22]} 19. Be2 {[%clk 0:57:43]} d4 {[%clk
0:37:24]} 20. g4 {[%clk 0:49:40]} Bc8 {[%clk 0:31:43]} 21. f5 {[%clk 0:41:58]}
Be5 {[%clk 0:28:16]} 22. Bh6 {[%clk 0:35:23]} Bxh2+ {[%clk 0:24:44]} 23. Kh1
{[%clk 0:35:28]} Rd8 {[%clk 0:22:39]} 24. Ra1 {[%clk 0:31:16]} Rxa1 {[%clk
0:14:44]} 25. Qxa1 {[%clk 0:31:38]} Be5 {[%clk 0:14:01]} 26. Qa7 {[%clk
0:18:56]} gxf5 {[%clk 0:09:47]} 27. Bg5 {[%clk 0:17:04]} d3 {[%clk 0:06:40]}
28. cxd3 {[%clk 0:14:35]} exd3 {[%clk 0:06:38]} 29. Bd1 {[%clk 0:13:39]} Bd4
{[%clk 0:03:06]} 30. Qa5 {[%clk 0:09:11]} Re8 {[%clk 0:02:35]} 31. Qd2 {[%clk
0:07:33]} Bb7+ {[%clk 0:01:54]} 32. Bf3 {[%clk 0:06:53]} Qg3 {[%clk 0:01:30]}
33. Qg2 {[%clk 0:05:13]} Bxf3 {[%clk 0:01:23]} 34. Qxf3 {[%clk 0:05:00]} Qxg4
{[%clk 0:01:11]} 35. Qxf5 {[%clk 0:01:16]} Qh5+ {[%clk 0:00:51]} 36. Kg2 {[%clk
0:01:16]} Re2+ {[%clk 0:01:03]} 37. Kg3 {[%clk 0:01:19]} Be5+ {[%clk 0:01:02]}
38. Rf4 {[%clk 0:01:26]} Bxf4+ {[%clk 0:01:09]} 39. Qxf4 {[%clk 0:01:40]} Qh2+
{[%clk 0:01:23]} 40. Kg4 {[%clk 0:01:44]} Qxf4+ {[%clk 0:01:26]} 41. Bxf4
{[%clk 0:02:01]} d2 {[%clk 0:01:41]} 0-1

[Event "DVM U20w 2018"]
[Site "Osnabrück GER"]
[Date "2018.12.28"]
[Round "4"]
[White "Mönster, Madita"]
[Black "Köhler, Inken"]
[Result "0-1"]
[Termination "normal"]
[Board "3.2"]
[WhiteElo "1869"]
[BlackElo "1968"]
[WhiteClock "00:23:48"]
[BlackClock "00:30:47"]
[WhiteTeam "SV Lingen"]
[BlackTeam "TuRa Harksheide von 1945 Norderstedt"]
[PlyCount "92"]
[WhiteFideId "12947156"]
[BlackFideId "12929301"]
[EventCountry "GER"]
[EventRounds "7"]
[EventType "team-swiss"]
[EventDate "2018.12.26"]

1. e4 {[%clk 1:30:55]} d6 {[%clk 1:30:51]} 2. d4 {[%clk 1:31:05]} Nf6 {[%clk
1:31:12]} 3. Nc3 {[%clk 1:31:14]} Nbd7 {[%clk 1:31:30]} 4. Nf3 {[%clk 1:29:48]}
e5 {[%clk 1:31:34]} 5. Bc4 {[%clk 1:28:31]} Be7 {[%clk 1:31:31]} 6. O-O {[%clk
1:25:47]} O-O {[%clk 1:31:33]} 7. Be3 {[%clk 1:24:00]} c6 {[%clk 1:30:48]} 8.
a4 {[%clk 1:23:10]} a5 {[%clk 1:30:38]} 9. Bb3 {[%clk 1:19:25]} Qc7 {[%clk
1:17:33]} 10. Nd2 {[%clk 1:09:59]} exd4 {[%clk 1:10:55]} 11. Bxd4 {[%clk
1:10:16]} Ne5 {[%clk 1:10:51]} 12. f4 {[%clk 1:04:23]} Ng6 {[%clk 1:10:00]} 13.
Kh1 {[%clk 1:02:37]} b6 {[%clk 0:41:12]} 14. Qe2 {[%clk 0:46:46]} Re8 {[%clk
0:25:43]} 15. Nc4 {[%clk 0:35:20]} Ba6 {[%clk 0:20:00]} 16. Qf3 {[%clk
0:29:59]} Rab8 {[%clk 0:14:59]} 17. Rfe1 {[%clk 0:28:32]} Bxc4 {[%clk 0:07:35]}
18. Bxc4 {[%clk 0:28:52]} Qd7 {[%clk 0:07:41]} 19. e5 {[%clk 0:12:41]} dxe5
{[%clk 0:06:55]} 20. Bxe5 {[%clk 0:12:58]} Rbd8 {[%clk 0:05:50]} 21. Rad1
{[%clk 0:12:50]} Qc8 {[%clk 0:05:50]} 22. Bd4 {[%clk 0:11:47]} Qc7 {[%clk
0:05:07]} 23. f5 {[%clk 0:08:48]} Nf8 {[%clk 0:04:33]} 24. Be5 {[%clk 0:05:42]}
Qc8 {[%clk 0:04:10]} 25. Ne2 {[%clk 0:04:56]} N8d7 {[%clk 0:03:54]} 26. Bc3
{[%clk 0:04:01]} Bb4 {[%clk 0:03:40]} 27. Bxb4 {[%clk 0:03:42]} axb4 {[%clk
0:04:09]} 28. Qb3 {[%clk 0:02:21]} Ne5 {[%clk 0:04:25]} 29. Qxb4 {[%clk
0:02:00]} Nfg4 {[%clk 0:03:13]} 30. Kg1 {[%clk 0:01:30]} Rxd1 {[%clk 0:02:45]}
31. Rxd1 {[%clk 0:01:50]} Nxc4 {[%clk 0:03:07]} 32. Qxc4 {[%clk 0:02:10]} Ne3
{[%clk 0:03:30]} 33. Qd3 {[%clk 0:02:16]} Nxd1 {[%clk 0:03:51]} 34. Qxd1 {[%clk
0:02:41]} Qxf5 {[%clk 0:03:56]} 35. b3 {[%clk 0:01:29]} Qe5 {[%clk 0:03:19]}
36. Ng3 {[%clk 0:00:35]} Qe1+ {[%clk 0:02:12]} 37. Qxe1 {[%clk 0:00:59]} Rxe1+
{[%clk 0:02:39]} 38. Kf2 {[%clk 0:01:23]} Rc1 {[%clk 0:03:02]} 39. c4 {[%clk
0:01:14]} Rc3 {[%clk 0:02:10]} 40. Nf5 {[%clk 0:01:07]} Kf8 {[%clk 0:01:25]}
41. Nd4 {[%clk 0:28:33]} c5 {[%clk 0:30:53]} 42. Nc6 {[%clk 0:28:27]} Rxb3
{[%clk 0:29:54]} 43. a5 {[%clk 0:27:42]} bxa5 {[%clk 0:30:06]} 44. Nxa5 {[%clk
0:28:03]} Rb4 {[%clk 0:30:13]} 45. Ke3 {[%clk 0:24:50]} Ra4 {[%clk 0:30:24]}
46. Nb3 {[%clk 0:23:48]} Ra3 {[%clk 0:30:47]} 0-1

[Event "DVM U20w 2018"]
[Site "Osnabrück GER"]
[Date "2018.12.28"]
[Round "4"]
[White "Greßmann, Hanna"]
[Black "Möller, Hannah"]
[Result "0-1"]
[Termination "normal"]
[Board "3.3"]
[WhiteElo "1839"]
[BlackElo "1846"]
[WhiteClock "00:14:19"]
[BlackClock "00:35:17"]
[WhiteTeam "TuRa Harksheide von 1945 Norderstedt"]
[BlackTeam "SV Lingen"]
[PlyCount "76"]
[WhiteFideId "12930709"]
[BlackFideId "1270514"]
[EventCountry "GER"]
[EventRounds "7"]
[EventType "team-swiss"]
[EventDate "2018.12.26"]

1. e4 {[%clk 1:30:57]} g6 {[%clk 1:30:55]} 2. d4 {[%clk 1:31:17]} Bg7 {[%clk
1:31:20]} 3. Nc3 {[%clk 1:31:33]} d6 {[%clk 1:31:33]} 4. Nf3 {[%clk 1:31:47]}
Nf6 {[%clk 1:31:11]} 5. h3 {[%clk 1:31:45]} Nbd7 {[%clk 1:31:12]} 6. Bg5 {[%clk
1:31:15]} c6 {[%clk 1:30:41]} 7. a4 {[%clk 1:30:58]} O-O {[%clk 1:27:47]} 8.
Be2 {[%clk 1:30:12]} h6 {[%clk 1:27:06]} 9. Be3 {[%clk 1:30:10]} e5 {[%clk
1:25:26]} 10. dxe5 {[%clk 1:26:48]} dxe5 {[%clk 1:25:46]} 11. Qd2 {[%clk
1:26:24]} Kh7 {[%clk 1:26:01]} 12. a5 {[%clk 1:25:28]} Qe7 {[%clk 1:24:38]} 13.
Nh2 {[%clk 1:18:43]} Qb4 {[%clk 1:21:46]} 14. Ra4 {[%clk 1:13:55]} Qe7 {[%clk
1:18:52]} 15. Bf3 {[%clk 1:09:40]} Nc5 {[%clk 1:16:32]} 16. Ra1 {[%clk
1:09:13]} Be6 {[%clk 1:13:59]} 17. Ng4 {[%clk 1:05:16]} h5 {[%clk 1:08:46]} 18.
Nxf6+ {[%clk 1:01:22]} Bxf6 {[%clk 1:08:59]} 19. g4 {[%clk 0:59:11]} h4 {[%clk
1:08:22]} 20. O-O {[%clk 0:54:22]} Bg7 {[%clk 1:05:41]} 21. Qe2 {[%clk
0:50:41]} Rg8 {[%clk 1:03:12]} 22. Rfd1 {[%clk 0:45:04]} f5 {[%clk 0:59:32]}
23. Rd2 {[%clk 0:38:45]} Nd7 {[%clk 0:58:27]} 24. exf5 {[%clk 0:37:18]} gxf5
{[%clk 0:58:48]} 25. gxf5 {[%clk 0:36:44]} Bxf5 {[%clk 0:59:06]} 26. Bg4 {[%clk
0:34:31]} Bxg4 {[%clk 0:58:25]} 27. hxg4 {[%clk 0:34:43]} Nf6 {[%clk 0:56:52]}
28. Bg5 {[%clk 0:32:00]} Bh6 {[%clk 0:52:40]} 29. Bxf6 {[%clk 0:30:29]} Qxf6
{[%clk 0:52:53]} 30. Rd7+ {[%clk 0:29:45]} Rg7 {[%clk 0:52:17]} 31. Rad1 {[%clk
0:28:53]} Rf8 {[%clk 0:48:40]} 32. Ne4 {[%clk 0:26:02]} Qf4 {[%clk 0:44:25]}
33. Nc5 {[%clk 0:20:36]} Rff7 {[%clk 0:38:27]} 34. Rxf7 {[%clk 0:18:35]} Rxf7
{[%clk 0:37:37]} 35. Qd3+ Kh8 {[%clk 0:35:02]} 36. Qd8+ {[%clk 0:15:57]} Bf8
{[%clk 0:34:47]} 37. Qxh4+ {[%clk 0:14:42]} Rh7 {[%clk 0:35:07]} 38. Qd8 {[%clk
0:14:19]} Qxg4+ {[%clk 0:35:17]} 0-1